Negation and control in PROLOG /

Guardado en:
Autor Principal: Naish, Lee, 1960-
Formato: Libro
Idioma:English
Publicado: Berlin : Springer-Verlag, c1986.
Series:Lecture notes in computer science ; 238
Materias:
Etiquetas: Agregar Etiqueta
Sin Etiquetas, Sea el primero en etiquetar este registro!
LEADER 00685pam a2200217 a 4500
001 MAT.inmabb004536
008 860827s1986####gw#######b####000#0#eng##
005 20130409122839.0
245 1 0 |a Negation and control in PROLOG /  |c Lee Naish. 
260 |a Berlin :  |b Springer-Verlag,  |c c1986. 
300 |a ix, 119 p. ;  |c 25 cm. 
440 0 |a Lecture notes in computer science ;  |v 238 
504 |a Bibliografía: p. [70]-76. 
510 4 |a MR,  |c 88d:68093 
020 |a 354016815X (pbk.) 
100 1 |a Naish, Lee,  |d 1960- 
650 0 |a Prolog (Computer program language) 
084 |a 68N17 (68Txx)  |2 msc2000 
010 |a  86022056  
040 |a DLC  |c DLC  |d DLC 
859 |h 68  |i N158  |p A-6185  |b BIB. MATEMATICA